Регистрация и лицензирование программ и БД: электронный курс
| Autor principal: | |
|---|---|
| Autor Corporativo: | |
| Resumo: | Заглавие с экрана Научить студентов оформлять документы для регистрации программ и БД в ФИПС. Основы элементы авторского и патентного права на программы и базы данных. Доступ по логину и паролю |
| Idioma: | russo |
| Publicado em: |
Томск, TPU Moodle, 2014
|
| Assuntos: | |
| Acesso em linha: | https://design.lms.tpu.ru/course/view.php?id=35 |
| Formato: | Recurso Electrónico Livro |
| KOHA link: | https://koha.lib.tpu.ru/cgi-bin/koha/opac-detail.pl?biblionumber=651581 |
MARC
| LEADER | 00000nlm0a2200000 4500 | ||
|---|---|---|---|
| 001 | 651581 | ||
| 005 | 20231102025811.0 | ||
| 035 | |a (RuTPU)RU\TPU\network\16830 | ||
| 035 | |a RU\TPU\network\16828 | ||
| 090 | |a 651581 | ||
| 100 | |a 20161116d2014 m y0rusy50 ca | ||
| 101 | 0 | |a rus | |
| 102 | |a RU | ||
| 105 | |a a j 000zy | ||
| 135 | |a jrcn ---uucaa | ||
| 181 | 0 | |a i | |
| 182 | 0 | |a b | |
| 200 | 1 | |a Регистрация и лицензирование программ и БД |e электронный курс |f В. Г. Гальченко |g Национальный исследовательский Томский политехнический университет (ТПУ), Институт кибернетики (ИК), Кафедра прикладной математики (ПМ) | |
| 203 | |a Текст |c электронный | ||
| 210 | |a Томск |c TPU Moodle |d 2014 | ||
| 230 | |a Электрон. дан. | ||
| 300 | |a Заглавие с экрана | ||
| 330 | |a Научить студентов оформлять документы для регистрации программ и БД в ФИПС. Основы элементы авторского и патентного права на программы и базы данных. | ||
| 333 | |a Доступ по логину и паролю | ||
| 606 | 1 | |a Базы данных |2 stltpush |3 (RuTPU)RU\TPU\subj\27973 |9 51601 | |
| 610 | 1 | |a электронный ресурс | |
| 610 | 1 | |a труды учёных ТПУ | |
| 610 | 1 | |a электронное обучение | |
| 610 | 1 | |a электронные курсы ТПУ | |
| 610 | 1 | |a программы | |
| 610 | 1 | |a регистрация | |
| 610 | 1 | |a авторское право | |
| 610 | 1 | |a патентное право | |
| 610 | 1 | |a лицензирование | |
| 610 | 1 | |a электронные учебные пособия | |
| 610 | 1 | |a учебные пособия | |
| 675 | |a 004.65(075.8) |v 3 | ||
| 700 | 1 | |a Гальченко |b В. Г. |c специалист в области информатики и вычислительной техники |c доцент Томского политехнического университета, кандидат технических наук |f 1944- |g Валерий Григорьевич |2 stltpush |3 (RuTPU)RU\TPU\pers\26683 | |
| 712 | 0 | 2 | |a Национальный исследовательский Томский политехнический университет (ТПУ) |b Институт кибернетики (ИК) |b Кафедра прикладной математики (ПМ) |h 130 |2 stltpush |3 (RuTPU)RU\TPU\col\18700 |
| 801 | 2 | |a RU |b 63413507 |c 20211115 |g RCR | |
| 856 | 4 | |u https://design.lms.tpu.ru/course/view.php?id=35 | |
| 942 | |c CF | ||